| 000 | 00557nam a2200205Ia 4500 | ||
|---|---|---|---|
| 003 | OSt | ||
| 005 | 20220615153714.0 | ||
| 008 | 210423s2008 xx 000 0 und d | ||
| 020 | _a9781891389528 | ||
| 040 | _cAL | ||
| 041 | _aeng | ||
| 082 | _a541.28 LEUH | ||
| 100 |
_aLEUNG (Helen O);MARSHALL (Mark D). _942891 |
||
| 245 | _aProblems and solutions to accompany Donald A Mcquarries quantum chemistry. | ||
| 250 | _a2 | ||
| 260 |
_aCalifornia _bUniversity Science Books _c2008 |
||
| 300 |
_aviii,647 _bPB |
||
| 365 |
_b3667 _cINR |
||
| 942 |
_2ddc _cBK |
||
| 999 |
_c154827 _d154827 |
||